Calidad del empleo y calidad de la atención en salud en Argentina /

Gorde:
Xehetasun bibliografikoak
Egile nagusia: Rico, Ma. Nieves
Beste egile batzuk: Pautassi, Laura
Formatua: Texto
Gaiak:
Etiketak: Etiketa erantsi
Etiketarik gabe, Izan zaitez lehena erregistro honi etiketa jartzen!

MARC

LEADER 00000 a a2200000 04500
001 43850
003
040
100 |a Rico, Ma. Nieves 
245 |a Calidad del empleo y calidad de la atención en salud en Argentina /  |c Ma. Nieves Rico ; Laura Pautassi 
500 |a Forma parte de la sección documentos de trabajo.  
650 |a EMPLEO  
650 |a SALUD  
650 |a SECTOR PUBLICO  
650 |a TRABAJADORES  
650 |a EMPLEO  
650 |a ARGENTINA  
700 |a Pautassi, Laura  
773 |g número1 (2004 ),  
999 |c 34247  |d 34247